[Event "Titled Tuesday intern op 02nd Apr Early"]
[Site "Chess.com INT"]
[Date "2024.04.02"]
[Round "7"]
[White "Paravyan, David"]
[Black "Shkapenko, Pavel"]
[Result "1/2-1/2"]
[WhiteElo "2606"]
[BlackElo "2390"]
[PlyCount "62"]
[EventDate "2024.04.02"]
[EventType "swiss (blitz)"]
[EventRounds "11"]
[EventCountry "USA"]
[SourceTitle "CB15_2024"]
[SourceDate "2024.04.10"]
[SourceVersion "1"]
[SourceVersionDate "2024.04.10"]
[SourceQuality "1"]

1. e4 e5 2. Nf3 Nc6 3. Bc4 d6 4. Nc3 Be7 5. d4 Nf6 6. d5 Nb8 7. 0-0 0-0 8. h3 Nbd7 9. a4 a5 10. Be3 h6 11. Re1 Nh7 12. Bd3 Ng5 13. Nxg5 Bxg5 14. Nb5 Bxe3 15. Rxe3 Nc5 16. Qh5 Bd7 17. Bf1 Bxb5 18. Bxb5 Qg5 19. Qxg5 hxg5 20. c3 Ra7 21. b4 Na6 22. Bxa6 Rxa6 23. b5 Raa8 24. Rg3 f6 25. Kf1 b6 26. Ke2 Kf7 27. Rf3 Rh8 28. g4 Kg6 29. Rh1 Rh4 30. Kf1 Rah8 31. Kg2 R8h7 1/2-1/2

[Event "Titled Tuesday intern op 02nd Apr Early"]
[Site "Chess.com INT"]
[Date "2024.04.02"]
[Round "8"]
[White "Shkapenko, Pavel"]
[Black "Ashraf, Artin"]
[Result "1-0"]
[WhiteElo "2390"]
[BlackElo "2399"]
[PlyCount "55"]
[EventDate "2024.04.02"]
[EventType "swiss (blitz)"]
[EventRounds "11"]
[EventCountry "USA"]
[SourceTitle "CB15_2024"]
[SourceDate "2024.04.10"]
[SourceVersion "1"]
[SourceVersionDate "2024.04.10"]
[SourceQuality "1"]

1. e4 e5 2. Nf3 Nc6 3. Nc3 Nf6 4. d4 exd4 5. Nxd4 Nxe4 6. Nxe4 Qe7 7. Bd3 Nxd4 8. 0-0 Ne6 9. Bc4 c6 10. Bxe6 dxe6 11. Qh5 Qc7 12. Bg5 e5 13. Rad1 Bf5 14. Nf6+ gxf6 15. Bxf6 Bg6 16. Qh3 Rg8 17. Bxe5 Qc8 18. Qg3 Be7 19. Rfe1 Kf8 20. Bf4 Rg7 21. Bh6 Qe8 22. Bxg7+ Kxg7 23. Qe5+ Bf6 24. Qxe8 Rxe8 25. Rxe8 Bxc2 26. Rd7 b6 27. Rxa7 Bxb2 28. Re2 1-0

[Event "Titled Tuesday intern op 02nd Apr Early"]
[Site "Chess.com INT"]
[Date "2024.04.02"]
[Round "6"]
[White "Shkapenko, Pavel"]
[Black "Sielecki, Christof"]
[Result "1-0"]
[WhiteElo "2390"]
[BlackElo "2403"]
[PlyCount "57"]
[EventDate "2024.04.02"]
[EventType "swiss (blitz)"]
[EventRounds "11"]
[EventCountry "USA"]
[SourceTitle "CB15_2024"]
[SourceDate "2024.04.10"]
[SourceVersion "1"]
[SourceVersionDate "2024.04.10"]
[SourceQuality "1"]

1. e4 c5 2. Nc3 Nc6 3. g3 g6 4. Bg2 Bg7 5. d3 d6 6. Be3 e5 7. Nd5 Nge7 8. h4 Nxd5 9. exd5 Ne7 10. h5 Nf5 11. Bd2 Bd7 12. Nf3 Nd4 13. Ng5 Qe7 14. h6 Bf6 15. Ne4 0-0 16. c3 Nb5 17. 0-0 Bh8 18. a4 Nc7 19. d4 cxd4 20. cxd4 Bf5 21. dxe5 Bxe5 22. Re1 Bxe4 23. Rxe4 Qf6 24. Ba5 b6 25. Rc1 bxa5 26. Rxc7 Rfc8 27. Qc2 Rxc7 28. Qxc7 Bd4 29. Rf4 1-0

[Event "Titled Tuesday intern op 13th Feb Early"]
[Site "Chess.com INT"]
[Date "2024.02.13"]
[Round "4"]
[White "O'Gorman, Tom"]
[Black "Shkapenko, Pavel"]
[Result "1/2-1/2"]
[WhiteElo "2321"]
[BlackElo "2390"]
[PlyCount "112"]
[EventDate "2024.02.13"]
[EventType "swiss (blitz)"]
[EventRounds "11"]
[EventCountry "USA"]
[SourceTitle "CB08_2024"]
[SourceDate "2024.02.21"]
[SourceVersion "1"]
[SourceVersionDate "2024.02.21"]
[SourceQuality "1"]

1. d4 d5 2. Nf3 c5 3. c3 Nc6 4. Bf4 cxd4 5. cxd4 Bf5 6. Nc3 e6 7. e3 Bb4 8. Bd3 Nge7 9. 0-0 0-0 10. h3 Bxc3 11. bxc3 Bxd3 12. Qxd3 Na5 13. Nd2 Rc8 14. Rab1 b6 15. Rfc1 Qd7 16. c4 Nxc4 17. Nxc4 dxc4 18. Rxc4 Rxc4 19. Qxc4 Rc8 20. Qb3 Nd5 21. Bg3 Qc6 22. Rd1 Nc3 23. Re1 b5 24. Kh2 a5 25. a3 Qc4 26. Qxc4 Rxc4 27. Kg1 f6 28. Kf1 Ra4 29. Bd6 Ne4 30. Bc5 Nxc5 31. dxc5 Rc4 32. Ke2 Rxc5 33. Rd1 Kf7 34. Rd7+ Kg6 35. Rb7 h5 36. Kf3 Rc3 37. Rxb5 Rxa3 38. g4 hxg4+ 39. hxg4 e5 40. Ke4 Ra4+ 41. Kf3 Ra2 42. Kg3 a4 43. Ra5 Ra1 44. f4 exf4+ 45. exf4 a3 46. Ra7 Kh7 47. Kg2 Kh6 48. Kg3 g6 49. Kh4 g5+ 50. fxg5+ fxg5+ 51. Kg3 Kg6 52. Ra5 Kf6 53. Kg2 Ra2+ 54. Kg3 Ra1 55. Kg2 Kg6 56. Kg3 Kf6 1/2-1/2

[Event "Titled Tuesday intern op 13th Feb Early"]
[Site "Chess.com INT"]
[Date "2024.02.13"]
[Round "10"]
[White "Shkapenko, Pavel"]
[Black "Gascon del Nogal, Jose Rafael"]
[Result "1-0"]
[WhiteElo "2390"]
[BlackElo "2475"]
[PlyCount "45"]
[EventDate "2024.02.13"]
[EventType "swiss (blitz)"]
[EventRounds "11"]
[EventCountry "USA"]
[SourceTitle "CB08_2024"]
[SourceDate "2024.02.21"]
[SourceVersion "1"]
[SourceVersionDate "2024.02.21"]
[SourceQuality "1"]

1. e4 c5 2. c3 Nf6 3. e5 Nd5 4. d4 cxd4 5. cxd4 d6 6. Nf3 Nc6 7. Bc4 dxe5 8. Nxe5 Nxe5 9. dxe5 e6 10. 0-0 Be7 11. Qg4 g6 12. Bh6 Qc7 13. Qe4 Bd7 14. Rc1 Bc6 15. Bb5 Rc8 16. Bxc6+ bxc6 17. Nd2 Nb6 18. Rc2 Qd8 19. Rxc6 Rxc6 20. Qxc6+ Qd7 21. Qe4 g5 22. Nf3 Rg8 23. Qxh7 1-0

[Event "Titled Tuesday intern op 13th Feb Early"]
[Site "Chess.com INT"]
[Date "2024.02.13"]
[Round "7"]
[White "Vivaan, Vishal Shah"]
[Black "Shkapenko, Pavel"]
[Result "0-1"]
[WhiteElo "2076"]
[BlackElo "2390"]
[PlyCount "66"]
[EventDate "2024.02.13"]
[EventType "swiss (blitz)"]
[EventRounds "11"]
[EventCountry "USA"]
[SourceTitle "CB08_2024"]
[SourceDate "2024.02.21"]
[SourceVersion "1"]
[SourceVersionDate "2024.02.21"]
[SourceQuality "1"]

1. e4 e5 2. Nf3 Nc6 3. d4 exd4 4. Bc4 Bc5 5. c3 Nf6 6. e5 d5 7. Bb5 Ne4 8. cxd4 Bb6 9. Nc3 0-0 10. 0-0 Bd7 11. Nxd5 Nxe5 12. Bxd7 Nxd7 13. Re1 Ndf6 14. Nxf6+ Nxf6 15. Qb3 Qd5 16. Qc2 Rfe8 17. Bg5 Ne4 18. Bf4 c6 19. Be5 f5 20. Nh4 Rxe5 21. dxe5 Bxf2+ 22. Kh1 Bxh4 23. Rf1 Rf8 24. Rad1 Qxe5 25. Rd7 Nf2+ 26. Kg1 Ng4 27. Qb3+ Kh8 28. g3 Qe2 29. Rf3 Qxh2+ 30. Kf1 Qh1+ 31. Ke2 Re8+ 32. Kd2 Bg5+ 33. Kc3 Qxf3+ 0-1

[Event "Titled Tuesday intern op 06th Feb Early"]
[Site "Chess.com INT"]
[Date "2024.02.06"]
[Round "10"]
[White "Jaiveer, Mahendru"]
[Black "Shkapenko, Pavel"]
[Result "0-1"]
[WhiteElo "2294"]
[BlackElo "2390"]
[PlyCount "134"]
[EventDate "2024.02.06"]
[EventType "swiss (blitz)"]
[EventRounds "11"]
[EventCountry "USA"]
[SourceTitle "CB07_2024"]
[SourceDate "2024.02.14"]
[SourceVersion "1"]
[SourceVersionDate "2024.02.14"]
[SourceQuality "1"]

1. e4 e5 2. Nf3 Nc6 3. Bc4 d6 4. d4 Nf6 5. 0-0 Nxe4 6. Bd5 Nf6 7. Bxc6+ bxc6 8. dxe5 Nd5 9. c4 Nb6 10. Re1 Be6 11. exd6 Qxd6 12. Qc2 Be7 13. b3 0-0 14. Ba3 c5 15. Nc3 Qf4 16. Rad1 Bd6 17. Bc1 Qf5 18. Qxf5 Bxf5 19. Nb5 Rfd8 20. Kf1 Bg4 21. Rd3 a6 22. Nc3 Bf8 23. Red1 Be7 24. Ne5 Bf5 25. Rxd8+ Rxd8 26. Rxd8+ Bxd8 27. Be3 Bf6 28. f4 Bxe5 29. fxe5 Nd7 30. Nd5 Bb1 31. Nc3 Bd3+ 32. Kf2 Nxe5 33. Bxc5 f6 34. Ke3 Bg6 35. Kd4 c6 36. Ne4 Bxe4 37. Kxe4 Kf7 38. Bd4 Nd7 39. b4 Ke6 40. Be3 h5 41. a4 g5 42. Kd4 c5+ 43. bxc5 Nb8 44. c6 Nxc6+ 45. Kc5 Ne5 46. Bd4 Nd3+ 47. Kb6 f5 48. c5 Nb4 49. Ka5 Nc6+ 50. Kxa6 Nxd4 51. Kb7 Kd5 52. Kb6 f4 53. a5 Nc6 54. a6 g4 55. a7 Nxa7 56. Kxa7 Kxc5 57. Kb7 f3 58. gxf3 gxf3 59. Kc7 f2 60. Kb8 f1Q 61. Ka8 Qh3 62. Kb8 Qxh2+ 63. Ka8 Qg3 64. Kb7 h4 65. Ka8 h3 66. Ka7 Qg7+ 67. Ka8 Kb6 0-1

[Event "Titled Tuesday intern op 06th Feb Early"]
[Site "Chess.com INT"]
[Date "2024.02.06"]
[Round "9"]
[White "Shkapenko, Pavel"]
[Black "Silva, Pedro Gil Ferreira"]
[Result "1-0"]
[WhiteElo "2390"]
[BlackElo "2222"]
[PlyCount "87"]
[EventDate "2024.02.06"]
[EventType "swiss (blitz)"]
[EventRounds "11"]
[EventCountry "USA"]
[SourceTitle "CB07_2024"]
[SourceDate "2024.02.14"]
[SourceVersion "1"]
[SourceVersionDate "2024.02.14"]
[SourceQuality "1"]

1. e4 c5 2. Nc3 e6 3. g3 a6 4. Bg2 b5 5. d3 Bb7 6. Nh3 Nc6 7. 0-0 Nf6 8. f4 d5 9. e5 Nd7 10. a4 b4 11. Ne2 Be7 12. c4 dxc4 13. dxc4 0-0 14. Be3 Nb6 15. b3 Na5 16. Bxb7 Nxb7 17. Qc2 Qc7 18. Nf2 Na5 19. Ne4 Rad8 20. g4 Nc6 21. Nxc5 Nd4 22. Nxd4 Bxc5 23. Rad1 Rd7 24. Bf2 Rfd8 25. Nf3 Bxf2+ 26. Kxf2 Qc5+ 27. Kg3 Qe3 28. Rxd7 Rxd7 29. Rd1 h6 30. a5 Qc3 31. Qxc3 bxc3 32. Rc1 Nc8 33. Rxc3 Ne7 34. b4 Nc6 35. b5 axb5 36. cxb5 Nxa5 37. f5 Rb7 38. Nd4 Rd7 39. fxe6 fxe6 40. Nxe6 Rd5 41. Rc5 Rd3+ 42. Kf4 Rd2 43. Kf5 Nb3 44. Rc7 1-0

[Event "Titled Tuesday intern op 16th Jan Early"]
[Site "Chess.com INT"]
[Date "2024.01.16"]
[Round "9"]
[White "Antunez, Soler Luis"]
[Black "Shkapenko, Pavel"]
[Result "0-1"]
[WhiteElo "2200"]
[BlackElo "2390"]
[PlyCount "84"]
[EventDate "2024.01.16"]
[EventType "swiss (blitz)"]
[EventRounds "11"]
[EventCountry "USA"]
[SourceTitle "CB04_2024"]
[SourceDate "2023.10.16"]
[SourceVersion "1"]
[SourceVersionDate "2023.10.16"]
[SourceQuality "1"]

1. e4 e5 2. Nf3 Nc6 3. Bc4 d6 4. c3 f5 5. d3 f4 6. Qb3 Nh6 7. d4 Qf6 8. Na3 Be7 9. Nb5 Bd8 10. Bd5 Nf7 11. dxe5 dxe5 12. h4 h6 13. h5 0-0 14. Nh4 Ne7 15. Bc4 c6 16. Na3 b5 17. Bd3 Be6 18. Qc2 Ng5 19. Bd2 Bg4 20. f3 Bxh5 21. 0-0-0 Bf7 22. Kb1 Rb8 23. Nf5 Bg6 24. Nxe7+ Bxe7 25. Be1 Ne6 26. Bf2 a5 27. Qe2 Bf7 28. Nc2 Nc5 29. Bh4 Qe6 30. b3 Bxh4 31. Rxh4 Nxb3 32. axb3 Qxb3+ 33. Kc1 Qxc3 34. Qd2 Qc5 35. g3 b4 36. Kb1 a4 37. gxf4 b3 38. Na1 a3 39. Rc1 Qd4 40. Qc3 b2 41. Qxd4 a2+ 42. Kc2 b1Q+ 0-1

[Event "Titled Tuesday intern op 16th Jan Early"]
[Site "Chess.com INT"]
[Date "2024.01.16"]
[Round "6"]
[White "Toncheva, Nadya"]
[Black "Shkapenko, Pavel"]
[Result "0-1"]
[WhiteElo "2257"]
[BlackElo "2390"]
[PlyCount "66"]
[EventDate "2024.01.16"]
[EventType "swiss (blitz)"]
[EventRounds "11"]
[EventCountry "USA"]
[SourceTitle "CB04_2024"]
[SourceDate "2023.10.16"]
[SourceVersion "1"]
[SourceVersionDate "2023.10.16"]
[SourceQuality "1"]

1. e4 e5 2. Nf3 Nc6 3. Bb5 Bc5 4. 0-0 d6 5. c3 Bd7 6. d4 Bb6 7. Re1 Nge7 8. d5 Nb8 9. Bxd7+ Nxd7 10. Nbd2 0-0 11. Nc4 f5 12. Nxb6 Nxb6 13. Bg5 Qd7 14. Bxe7 Qxe7 15. exf5 Rxf5 16. Re4 Qf7 17. c4 Rf8 18. Qe2 a5 19. Rc1 Nd7 20. Rf1 Nc5 21. Rg4 Qh5 22. Rg3 Rf4 23. b3 h6 24. Nd4 Qf7 25. Nf3 Qf5 26. h3 Ne4 27. Rg4 Rxg4 28. hxg4 Qxg4 29. Nd4 Qxe2 30. Nxe2 a4 31. bxa4 Ra8 32. f3 Nc5 33. Rb1 Rxa4 0-1

[Event "Titled Tuesday intern op 16th Jan Early"]
[Site "Chess.com INT"]
[Date "2024.01.16"]
[Round "4"]
[White "Weishaeutel, Moritz"]
[Black "Shkapenko, Pavel"]
[Result "1-0"]
[WhiteElo "2387"]
[BlackElo "2390"]
[PlyCount "79"]
[EventDate "2024.01.16"]
[EventType "swiss (blitz)"]
[EventRounds "11"]
[EventCountry "USA"]
[SourceTitle "CB04_2024"]
[SourceDate "2023.10.16"]
[SourceVersion "1"]
[SourceVersionDate "2023.10.16"]
[SourceQuality "1"]

1. e4 e5 2. d4 exd4 3. Qxd4 Nc6 4. Qe3 g6 5. Nc3 d6 6. Nf3 Bg4 7. Bc4 Bg7 8. Bd2 Nf6 9. Bb3 0-0 10. h3 Bxf3 11. Qxf3 Nd4 12. Qd3 Nxb3 13. axb3 Re8 14. 0-0 Nd7 15. Be3 a6 16. Rad1 Rc8 17. Bd4 Ne5 18. Qg3 c5 19. Be3 h5 20. Rd5 Qe7 21. Rfd1 Rcd8 22. Bg5 Bf6 23. Bxf6 Qxf6 24. R5d2 h4 25. Nd5 Qe6 26. Qxh4 Kg7 27. Nc7 Qc8 28. Nxe8+ Rxe8 29. Rxd6 Nc6 30. Qf6+ Kg8 31. Rd7 Rf8 32. c3 Nd4 33. Rd5 Ne6 34. e5 Qc6 35. Rd6 Qc8 36. f4 c4 37. b4 Qb8 38. Rxe6 fxe6 39. Qxg6+ Kh8 40. Rd7 1-0

[Event "Titled Tuesday intern op 09th Jan Early"]
[Site "Chess.com INT"]
[Date "2024.01.09"]
[Round "3"]
[White "Erigaisi, Arjun Kumar"]
[Black "Shkapenko, Pavel"]
[Result "1-0"]
[WhiteElo "2738"]
[BlackElo "2390"]
[PlyCount "65"]
[EventDate "2024.01.09"]
[EventType "swiss (blitz)"]
[EventRounds "11"]
[EventCountry "USA"]
[SourceTitle "CB03_2024"]
[SourceDate "2024.01.17"]
[SourceVersion "1"]
[SourceVersionDate "2024.01.17"]
[SourceQuality "1"]

1. a3 e5 2. c4 c6 3. e3 d5 4. Nf3 e4 5. Nd4 Nf6 6. cxd5 Qxd5 7. Nc3 Qg5 8. f4 exf3 9. Nxf3 Qg4 10. b4 Bd6 11. Bb2 0-0 12. Qe2 Nbd7 13. 0-0-0 a5 14. h3 Qg3 15. Qd3 Bc7 16. b5 Nc5 17. Qc2 a4 18. Kb1 Qd6 19. d4 Nb3 20. e4 Qd8 21. d5 cxd5 22. e5 Nh5 23. Nxd5 Ba5 24. g4 Ng3 25. Rg1 Nxf1 26. Rgxf1 Kh8 27. Nf6 gxf6 28. Rxd8 Rxd8 29. e6 Bxe6 30. Bxf6+ Kg8 31. Ng5 Nd2+ 32. Kb2 Nc4+ 33. Ka1 1-0

[Event "Titled Tuesday intern op 09th Jan Early"]
[Site "Chess.com INT"]
[Date "2024.01.09"]
[Round "5"]
[White "Grischuk, Alexander"]
[Black "Shkapenko, Pavel"]
[Result "1-0"]
[WhiteElo "2732"]
[BlackElo "2390"]
[PlyCount "57"]
[EventDate "2024.01.09"]
[EventType "swiss (blitz)"]
[EventRounds "11"]
[EventCountry "USA"]
[SourceTitle "CB03_2024"]
[SourceDate "2024.01.17"]
[SourceVersion "1"]
[SourceVersionDate "2024.01.17"]
[SourceQuality "1"]

1. d4 d5 2. Nf3 c5 3. c4 e6 4. cxd5 exd5 5. Bg5 Nf6 6. Nc3 Be6 7. e3 Nc6 8. Bb5 Be7 9. dxc5 0-0 10. 0-0 Bxc5 11. Rc1 Be7 12. Nd4 Ne5 13. Qb3 Rc8 14. Rfd1 Ng6 15. Be2 Qd7 16. Qb5 Rfd8 17. Qxd7 Rxd7 18. Nxe6 fxe6 19. Nxd5 Rxc1 20. Nxe7+ Nxe7 21. Rxc1 Nc6 22. Bxf6 gxf6 23. Rd1 Rxd1+ 24. Bxd1 Kf8 25. Be2 Ke7 26. f4 h6 27. Kf2 Nb4 28. a3 Na6 29. Bxa6 1-0

[Event "Titled Tuesday intern op 09th Jan Early"]
[Site "Chess.com INT"]
[Date "2024.01.09"]
[Round "2"]
[White "Shkapenko, Pavel"]
[Black "Chernomordik, Pavel"]
[Result "1-0"]
[WhiteElo "2390"]
[BlackElo "2131"]
[PlyCount "81"]
[EventDate "2024.01.09"]
[EventType "swiss (blitz)"]
[EventRounds "11"]
[EventCountry "USA"]
[SourceTitle "CB03_2024"]
[SourceDate "2024.01.17"]
[SourceVersion "1"]
[SourceVersionDate "2024.01.17"]
[SourceQuality "1"]

1. e4 g6 2. d4 Bg7 3. Nf3 d6 4. Nc3 a6 5. Bc4 e6 6. a4 b6 7. Be3 Bb7 8. Qd2 Nd7 9. Ba2 h6 10. h3 Ngf6 11. e5 Ne4 12. Nxe4 Bxe4 13. exd6 cxd6 14. Qe2 Nf6 15. 0-0 0-0 16. c4 Bb7 17. Rfd1 Qc7 18. Rac1 Qc6 19. d5 exd5 20. cxd5 Qxa4 21. Bc4 Rfe8 22. Qd3 b5 23. Bb3 Qa5 24. Nd4 Nxd5 25. Nc6 Bxc6 26. Rxc6 Nxe3 27. fxe3 d5 28. Bxd5 Kh8 29. Bxf7 Red8 30. Rd6 Rxd6 31. Qxd6 g5 32. b4 Qa4 33. Bg6 Rf8 34. Bb1 Qb3 35. Kh1 Rf6 36. Qd2 Qc4 37. Bd3 Qd5 38. Qc2 Qe5 39. Be4 Rf8 40. Qc6 Re8 41. Bb1 1-0

[Event "Titled Tuesday intern op 09th Jan Early"]
[Site "Chess.com INT"]
[Date "2024.01.09"]
[Round "8"]
[White "Shkapenko, Pavel"]
[Black "Martinez, Shawn"]
[Result "1-0"]
[WhiteElo "2390"]
[BlackElo "1869"]
[PlyCount "69"]
[EventDate "2024.01.09"]
[EventType "swiss (blitz)"]
[EventRounds "11"]
[EventCountry "USA"]
[SourceTitle "CB03_2024"]
[SourceDate "2024.01.17"]
[SourceVersion "1"]
[SourceVersionDate "2024.01.17"]
[SourceQuality "1"]

1. e4 c5 2. c3 e6 3. d4 cxd4 4. cxd4 d6 5. Nc3 a6 6. Nf3 b5 7. Bd3 Bb7 8. 0-0 Be7 9. Ne2 Nf6 10. Ng3 h5 11. Bg5 Nc6 12. Rc1 Ng4 13. Bxe7 Qxe7 14. d5 Nce5 15. Nxe5 Nxe5 16. h3 h4 17. Ne2 Nxd3 18. Qxd3 exd5 19. exd5 0-0 20. Nd4 Qg5 21. Nc6 Rfe8 22. Rfe1 Rac8 23. Red1 Rc7 24. Rc3 Bc8 25. Nb4 Rce7 26. Rcc1 Bf5 27. Qd2 Qg6 28. Rc3 Re2 29. Qf4 Rxb2 30. Nc6 Ree2 31. Rf1 Be4 32. Ne7+ Kh7 33. Nxg6 Bxg6 34. Qxh4+ Kg8 35. Rc8+ 1-0

[Event "Titled Tuesday intern op 09th Jan Early"]
[Site "Chess.com INT"]
[Date "2024.01.09"]
[Round "4"]
[White "Shkapenko, Pavel"]
[Black "Srdanovic, Jovana"]
[Result "1-0"]
[WhiteElo "2390"]
[BlackElo "2121"]
[PlyCount "105"]
[EventDate "2024.01.09"]
[EventType "swiss (blitz)"]
[EventRounds "11"]
[EventCountry "USA"]
[SourceTitle "CB03_2024"]
[SourceDate "2024.01.17"]
[SourceVersion "1"]
[SourceVersionDate "2024.01.17"]
[SourceQuality "1"]

1. e4 c5 2. c3 Nf6 3. e5 Nd5 4. d4 cxd4 5. cxd4 e6 6. Nc3 Nxc3 7. bxc3 d6 8. f4 Be7 9. Bd3 g6 10. Nf3 b6 11. h4 h5 12. Ng5 Bxg5 13. hxg5 Bb7 14. Qe2 Nc6 15. 0-0 dxe5 16. fxe5 Ne7 17. Bb5+ Kf8 18. Ba3 Kg7 19. Bxe7 Qxe7 20. Rf6 h4 21. Raf1 Raf8 22. Kh2 Rh5 23. Qe3 Qa3 24. R1f2 Qe7 25. Be2 Rhh8 26. Bd3 h3 27. g4 Qd7 28. Qf4 Ba8 29. Bxg6 Qb7 30. Rxf7+ Rxf7 31. Qxf7+ Qxf7 32. Bxf7 Rf8 33. g6 Bg2 34. Rf6 Rc8 35. Bxe6 Rxc3 36. Bf5 Ra3 37. g5 Rxa2 38. Rf7+ Kg8 39. Kg3 Bd5 40. Rh7 Ra3+ 41. Kh2 Ra2+ 42. Kxh3 Bg2+ 43. Kg3 Bd5 44. Rd7 Rg2+ 45. Kh3 Rxg5 46. Rxd5 Rxf5 47. Kg4 Rf1 48. e6 Rg1+ 49. Kf5 Rf1+ 50. Ke5 Re1+ 51. Kd6 a5 52. e7 a4 53. Re5 1-0

[Event "Titled Tuesday intern op 09th Jan Early"]
[Site "Chess.com INT"]
[Date "2024.01.09"]
[Round "6"]
[White "Shkapenko, Pavel"]
[Black "Tan, Ralph"]
[Result "0-1"]
[WhiteElo "2390"]
[BlackElo "2016"]
[PlyCount "60"]
[EventDate "2024.01.09"]
[EventType "swiss (blitz)"]
[EventRounds "11"]
[EventCountry "USA"]
[SourceTitle "CB03_2024"]
[SourceDate "2024.01.17"]
[SourceVersion "1"]
[SourceVersionDate "2024.01.17"]
[SourceQuality "1"]

1. e4 c6 2. d4 d5 3. e5 c5 4. dxc5 e6 5. a3 Bxc5 6. b4 Bb6 7. Qg4 g6 8. Nf3 h5 9. Qf4 Nc6 10. Bd3 Nh6 11. 0-0 Nf5 12. c4 dxc4 13. Qxc4 Ncd4 14. Nbd2 Bd7 15. Bxf5 Rc8 16. Qa2 gxf5 17. Nxd4 Bxd4 18. Nc4 Rxc4 19. Qxc4 Bxa1 20. Bf4 Bb2 21. Rb1 Bxa3 22. Qb3 Bc6 23. Qxa3 Rg8 24. b5 Bxg2 25. Bg3 Bd5 26. Kf1 h4 27. b6 axb6 28. Qa4+ Bc6 29. Qxh4 Qd3+ 30. Kg1 Qxb1# 0-1

[Event "Penang op 15th"]
[Site "Penang"]
[Date "2023.12.20"]
[Round "5"]
[White "Shkapenko, Pavel"]
[Black "Masli, Muhd Nur Daie"]
[Result "1/2-1/2"]
[WhiteElo "2415"]
[BlackElo "1842"]
[PlyCount "119"]
[EventDate "2023.12.18"]
[EventType "swiss"]
[EventRounds "9"]
[EventCountry "MAS"]
[SourceTitle "CB52_2023"]
[SourceDate "2023.12.27"]
[SourceVersion "1"]
[SourceVersionDate "2023.12.27"]
[SourceQuality "1"]

1. e4 c5 2. c3 Nf6 3. e5 Nd5 4. d4 cxd4 5. cxd4 d6 6. Nf3 Nc6 7. Bc4 Nb6 8. Bb3 dxe5 9. d5 Na5 10. Nc3 f6 11. Be3 Kf7 12. 0-0 Nxb3 13. axb3 g6 14. Qd3 Bg7 15. Nd2 Bf5 16. Nde4 Nxd5 17. Qc4 Be6 18. Nc5 Nc7 19. Nxe6 Nxe6 20. b4 Qc7 21. Qb3 Rhc8 22. Nd5 Qc4 23. Qxc4 Rxc4 24. Nb6 axb6 25. Rxa8 Rxb4 26. Rb1 f5 27. Rb8 Nc5 28. Rc8 Nb3 29. Rc2 f4 30. Bd2 Nxd2 31. Rxd2 e4 32. Kf1 g5 33. b3 Bd4 34. Rc2 b5 35. f3 exf3 36. gxf3 h5 37. h3 Be3 38. Ke2 Kf6 39. Rc7 b6 40. Rc8 Bc5 41. Rh8 h4 42. Rf8+ Kg7 43. Rd8 e6 44. Kd3 Kf6 45. Kc3 e5 46. Kd3 Kf5 47. Rd7 Ke6 48. Rd8 Ke7 49. Rd5 Ke6 50. Rd8 Bd6 51. Rg8 Rd4+ 52. Ke2 Be7 53. Rb8 Rd6 54. Rc8 Kf5 55. Rd1 e4 56. Rxd6 Bxd6 57. Re8 e3 58. Kd3 b4 59. Kd4 Bc5+ 60. Kd3 1/2-1/2

[Event "Bangkok Rooky op"]
[Site "Bangkok"]
[Date "2023.10.23"]
[Round "6"]
[White "Shkapenko, Pavel"]
[Black "Stokke, Kjetil"]
[Result "1-0"]
[WhiteElo "2405"]
[BlackElo "2307"]
[PlyCount "71"]
[EventDate "2023.10.20"]
[EventType "swiss"]
[EventRounds "7"]
[EventCountry "THA"]
[SourceTitle "Mega2024 Update 01"]
[Source "Chessbase"]
[SourceDate "2023.11.12"]
[SourceVersion "1"]
[SourceVersionDate "2023.11.12"]
[SourceQuality "1"]

1. e4 Nf6 2. e5 Nd5 3. c4 Nb6 4. c5 Nd5 5. Nc3 e6 6. d4 Nxc3 7. bxc3 b6 8. Qg4 Nc6 9. Bg5 Ne7 10. Nf3 h6 11. Bh4 g5 12. Bg3 Nf5 13. Bd3 h5 14. Qxg5 Qxg5 15. Nxg5 Nxg3 16. fxg3 bxc5 17. 0-0 Bh6 18. Nxf7 Be3+ 19. Kh1 Rg8 20. Rab1 Ke7 21. Be4 Ba6 22. Rf3 cxd4 23. cxd4 Rab8 24. Rxe3 Rxb1+ 25. Bxb1 Kxf7 26. Be4 Bb5 27. Kg1 c6 28. Kf2 Bc4 29. Bf3 Kg6 30. Rc3 Bxa2 31. Ra3 Bd5 32. Rxa7 Rb8 33. Rxd7 Rb2+ 34. Ke3 Rb3+ 35. Kf4 Rd3 36. Be4+ 1-0

[Event "Bangkok Rooky op"]
[Site "Bangkok"]
[Date "2023.10.22"]
[Round "4"]
[White "Shkapenko, Pavel"]
[Black "Habla, Jony"]
[Result "1-0"]
[WhiteElo "2405"]
[BlackElo "2171"]
[PlyCount "53"]
[EventDate "2023.10.20"]
[EventType "swiss"]
[EventRounds "7"]
[EventCountry "THA"]
[SourceTitle "Mega2024 Update 01"]
[Source "Chessbase"]
[SourceDate "2023.11.12"]
[SourceVersion "1"]
[SourceVersionDate "2023.11.12"]
[SourceQuality "1"]

1. e4 d6 2. d4 c6 3. Nc3 g6 4. Nf3 Bg7 5. Bc4 a5 6. a4 h6 7. h3 Na6 8. 0-0 Nc7 9. Qe2 e6 10. d5 cxd5 11. exd5 e5 12. Be3 Nf6 13. Nxe5 dxe5 14. Bc5 Nd7 15. Ba3 Na6 16. Ne4 Bf8 17. d6 f5 18. f4 Qb6+ 19. Kh1 Kd8 20. fxe5 Nxe5 21. Nf6 Qd4 22. Rad1 Qxc4 23. Qxe5 Bd7 24. Nxd7 Kxd7 25. Qxh8 Qf7 26. Qe5 Nb8 27. Qb5+ 1-0

[Event "Bangkok Rooky op"]
[Site "Bangkok"]
[Date "2023.10.21"]
[Round "3"]
[White "Kieu, Bich Thuy"]
[Black "Shkapenko, Pavel"]
[Result "1/2-1/2"]
[WhiteElo "1890"]
[BlackElo "2405"]
[PlyCount "156"]
[EventDate "2023.10.20"]
[EventType "swiss"]
[EventRounds "7"]
[EventCountry "THA"]
[SourceTitle "Mega2024 Update 01"]
[Source "Chessbase"]
[SourceDate "2023.11.12"]
[SourceVersion "1"]
[SourceVersionDate "2023.11.12"]
[SourceQuality "1"]

1. d4 Nf6 2. c4 e6 3. Nc3 Bb4 4. e3 0-0 5. Bd3 c5 6. Nf3 d5 7. 0-0 dxc4 8. Bxc4 Bd7 9. a3 Ba5 10. Qe2 Bc6 11. Rd1 Bxc3 12. bxc3 Nbd7 13. Bd3 Qa5 14. Bb2 cxd4 15. cxd4 Be4 16. Nd2 Bxd3 17. Qxd3 Rfd8 18. Qb3 Rac8 19. a4 Qd5 20. Rdc1 Nb6 21. Qb5 Rxc1+ 22. Rxc1 Qxb5 23. axb5 Rd5 24. Rc5 Nfd7 25. Rxd5 exd5 26. Ba3 Na4 27. Bb4 Ndb6 28. Nb3 Nc4 29. Nc5 Nxc5 30. dxc5 f6 31. Kf1 Kf7 32. Ke2 Ke6 33. Kd3 a5 34. bxa6 bxa6 35. Kd4 Ne5 36. Bc3 Nc6+ 37. Kd3 Kd7 38. e4 Ke6 39. f3 g6 40. exd5+ Kxd5 41. Bxf6 Kxc5 42. Ke4 Kd6 43. g4 a5 44. f4 a4 45. f5 a3 46. Bc3 g5 47. Kd3 Kd5 48. Kc2 Ke4 49. Bf6 Kf4 50. h3 Kg3 51. Bxg5 Kxh3 52. f6 Nd8 53. Kb3 Kxg4 54. Be3 Kf5 55. Kxa3 Kxf6 56. Kb3 Kf5 57. Kc3 Ke4 58. Kd2 Kf3 59. Bg5 Nf7 60. Bh4 Ne5 61. Ke1 Kg2 62. Ke2 Nf3 63. Bf6 Nh2 64. Bd8 Ng4 65. Be7 h5 66. Bd8 Ne5 67. Ke3 Ng6 68. Ke4 Nf8 69. Kf5 Kg3 70. Be7 Nd7 71. Bd8 Nc5 72. Be7 Nd3 73. Kg5 h4 74. Bd6+ Kh3 75. Kh5 Nf2 76. Be7 Ne4 77. Bxh4 Ng3+ 78. Bxg3 Kxg3 1/2-1/2